| 000 | 00559nam a2200157 4500 | ||
|---|---|---|---|
| 008 | 240311b |||||||| |||| 00| 0 eng d | ||
| 082 |
_a305.3 _bUNI |
||
| 110 | _aUN-Women | ||
| 245 | _aGender, migration and development programme of UN-INSTRAW 2005-2010=Programa Género, Migración y Desarrollo de UN-INSTRAW 2005-2010 | ||
| 260 |
_aSanto Domingo: _bUN Women, _c2011 |
||
| 300 | _a60 p. | ||
| 650 | _aGENDER AND MIGRATION | ||
| 650 | _aMigrant women's rights | ||
| 856 | _uhttps://trainingcentre.unwomen.org/instraw-library/2011-I-MIG-GLO.pdf | ||
| 942 | _cRP | ||
| 999 |
_c4856 _d4856 |
||